Guess the 1960s song lyrics #311 - Statistics

General Stats
  • This quiz has been taken 15 times
  • The average score is 170 of 249
Answer Stats
Answer % Correct
love
100%
Baby
92%
baby
92%
go
92%
I
92%
our
92%
You
92%
you
92%
a
83%
did
83%
me
83%
my
83%
Where
83%
no
75%
All
67%
all
67%
it
67%
your
67%
And
58%
hear
58%
so
58%
So
58%
Supremes
58%
With
58%
by
50%
don't
50%
Don't
50%
like
50%
more
50%
Of
50%
Ooh
50%
ooh
50%
That
50%
that
50%
this
50%
want
50%
were
50%
burning
42%
heart
42%
I've
42%
leave
42%
Now
42%
now
42%
please
42%
wanna
42%
myself
33%
yearning
33%
bad
25%
bee
25%
But
25%
deep
25%
Feelin
25%
forever
25%
got
25%
hurts
25%
inside
25%
into
25%
won
25%
behind
17%
came
17%
perfect
17%
Before
8%
guy
8%
helplessly
8%
promises
8%
stings
8%
surrender
8%
tenderly
8%
dir
0%
No matching quizzes found
Score Distribution
Percent of People with Each Score
Percentile by Number Answered
Your Score History
You have not taken this quiz